000 00340nam a2200133Ia 4500
008 240624s9999 xx 000 0 und d
041 _aeng
082 _a650.1 HOR
100 _aHORN ART
245 _aFACE IT RECOGNIZING AND CONQUERING THE H
260 _c2004
_aNew York
_bAMACOM
300 _aviii, : 232 : p. : cm. ; 23
365 _c
_b28
999 _c22030
_d22030